[Event "Niedersachsen-ch Seniors op 10th"]
[Site "Bad Bevensen"]
[Date "2007.07.08"]
[Round "6"]
[White "Hippler, Hans Werner"]
[Black "Geier, Berthold"]
[Result "1/2-1/2"]
[WhiteElo "1486"]
[BlackElo "1495"]
[PlyCount "54"]
[EventDate "2007.07.03"]
[EventType "swiss"]
[EventRounds "9"]
[EventCountry "GER"]
[SourceTitle "EXT 2022"]
[Source "ChessBase"]
[SourceDate "2021.10.06"]
[SourceVersion "1"]
[SourceVersionDate "2021.10.06"]
[SourceQuality "1"]

1. e4 e5 2. Bc4 d6 3. h3 Nf6 4. d3 Be7 5. Nf3 h6 6. 0-0 0-0 7. Re1 c6 8. a3 Nbd7 9. Nc3 b5 10. Ba2 Bb7 11. Be3 a6 12. Qd2 Qc7 13. Rac1 Rac8 14. Qe2 a5 15. Bd2 Qb6 16. Be3 c5 17. Nd5 Nxd5 18. Bxd5 Bxd5 19. exd5 Bf6 20. b4 axb4 21. axb4 e4 22. Nd2 Bc3 23. bxc5 Nxc5 24. dxe4 Qa5 25. Bxc5 Rxc5 26. Nb3 Qb6 27. Nxc5 Qxc5 1/2-1/2

[Event "Niedersachsen-ch Seniors op 09th"]
[Site "Bad Bevensen"]
[Date "2006.07.02"]
[Round "9"]
[White "Janzen, Christian"]
[Black "Geier, Berthold"]
[Result "1-0"]
[WhiteElo "1628"]
[BlackElo "1525"]
[PlyCount "49"]
[EventDate "2006.06.24"]
[EventType "swiss"]
[EventRounds "9"]
[EventCountry "GER"]
[SourceTitle "EXT 2022"]
[Source "ChessBase"]
[SourceDate "2021.10.06"]
[SourceVersion "1"]
[SourceVersionDate "2021.10.06"]
[SourceQuality "1"]

1. d4 d5 2. Nf3 Nf6 3. e3 c6 4. h3 e6 5. Bd3 Nbd7 6. Nbd2 c5 7. c3 Bd6 8. e4 dxe4 9. Nxe4 Nxe4 10. Bxe4 Nf6 11. Bg5 0-0 12. Qc2 h6 13. Be3 cxd4 14. Nxd4 Nxe4 15. Qxe4 Qa5 16. 0-0 Qe5 17. Qxe5 Bxe5 18. Rfd1 Re8 19. Rd2 Bxd4 20. Rxd4 b6 21. Rad1 Kf8 22. f4 Bb7 23. b3 Ke7 24. Rd7+ Kf6 25. Rxb7 1-0

[Event "Niedersachsen-ch Seniors op 09th"]
[Site "Bad Bevensen"]
[Date "2006.06.24"]
[Round "2"]
[White "Geier, Berthold"]
[Black "Habermann, Arno"]
[Result "0-1"]
[WhiteElo "1525"]
[BlackElo "1989"]
[PlyCount "96"]
[EventDate "2006.06.24"]
[EventType "swiss"]
[EventRounds "9"]
[EventCountry "GER"]
[SourceTitle "EXT 2022"]
[Source "ChessBase"]
[SourceDate "2021.10.06"]
[SourceVersion "1"]
[SourceVersionDate "2021.10.06"]
[SourceQuality "1"]

1. d4 d5 2. Nf3 Nf6 3. c4 c6 4. Nc3 e6 5. e3 Be7 6. Be2 0-0 7. 0-0 Nbd7 8. b3 b6 9. cxd5 cxd5 10. Bb2 Bb7 11. Rc1 Rc8 12. Bd3 Ne4 13. Qe2 Bd6 14. Nb5 Bb8 15. Rxc8 Bxc8 16. Rc1 Qf6 17. Ba3 Rd8 18. Nc7 Bb7 19. Bb5 g5 20. Bxd7 Rxd7 21. Nb5 Ba6 22. Bb2 Rd8 23. a4 Qh6 24. Ne5 f6 25. Ng4 Qg6 26. f3 Nd6 27. Nf2 Qe8 28. Nxd6 Bxe2 29. Nxe8 Rxe8 30. Rc2 Ba6 31. Rc6 Bb7 32. Rc2 Bd6 33. Nd3 a5 34. Nf2 Kf7 35. Nd3 h5 36. Nf2 Rb8 37. Nd3 Ke7 38. g3 Kd7 39. Kf2 Ba6 40. Ke2 Rh8 41. f4 h4 42. g4 gxf4 43. exf4 Bxf4 44. h3 Re8 45. Rc3 e5 46. Kf3 Bxd3 47. dxe5 fxe5 48. Rxd3 e4+ 0-1

[Event "Niedersachsen-ch Seniors op 09th"]
[Site "Bad Bevensen"]
[Date "2006.06.24"]
[Round "1"]
[White "Grabitz, Georg"]
[Black "Geier, Berthold"]
[Result "1-0"]
[WhiteElo "1902"]
[BlackElo "1525"]
[PlyCount "47"]
[EventDate "2006.06.24"]
[EventType "swiss"]
[EventRounds "9"]
[EventCountry "GER"]
[SourceTitle "EXT 2022"]
[Source "ChessBase"]
[SourceDate "2021.10.06"]
[SourceVersion "1"]
[SourceVersionDate "2021.10.06"]
[SourceQuality "1"]

1. d4 d5 2. Bf4 e6 3. e3 Bd6 4. Nf3 Ne7 5. Bd3 Nd7 6. Nbd2 h6 7. c3 a6 8. 0-0 0-0 9. Qe2 Nf6 10. Ne5 c6 11. Qf3 Nf5 12. g4 Nh4 13. Qh3 g5 14. Bg3 Ne4 15. Bxe4 dxe4 16. Bxh4 Bxe5 17. Bg3 Bxg3 18. fxg3 f5 19. Qxh6 Qe7 20. Qg6+ Qg7 21. Qxg7+ Kxg7 22. Nc4 f4 23. gxf4 gxf4 24. Rxf4 1-0

[Event "Wuerttemberg-ch Seniors 15th"]
[Site "Ellwangen"]
[Date "2003.04.19"]
[Round "9"]
[White "Geier, Berthold"]
[Black "Foehl, Frithjof"]
[Result "0-1"]
[WhiteElo "1612"]
[BlackElo "1870"]
[PlyCount "82"]
[EventDate "2003.04.??"]
[EventType "swiss"]
[EventRounds "9"]
[EventCountry "GER"]
[SourceTitle "EXT 2006"]
[Source "ChessBase"]
[SourceDate "2005.11.24"]
[SourceVersion "1"]
[SourceVersionDate "2005.11.24"]
[SourceQuality "1"]

1. Nf3 d5 2. d4 Bf5 3. e3 Nf6 4. Nbd2 e6 5. Nh4 Bg4 6. Be2 Ne4 7. Bxg4 Qxh4 8. Qf3 f5 9. Nxe4 dxe4 10. Qe2 a6 11. Qc4 fxg4 12. Qxe6+ Qe7 13. Qc8+ Qd8 14. Qxb7 Nd7 15. Qxe4+ Be7 16. Qxg4 0-0 17. f3 Rf6 18. 0-0 Rg6 19. Qf5 Nf8 20. c4 Rg5 21. Qc2 a5 22. b3 Ra6 23. f4 Rh5 24. Qe4 Rah6 25. h3 Ng6 26. f5 Nh4 27. g4 Rg5 28. c5 Rf6 29. Kh2 h5 30. Bb2 hxg4 31. hxg4 c6 32. d5 Rh6 33. Kg1 cxd5 34. Qd4 Qc7 35. Qf4 Qc8 36. Bd4 Nxf5 37. Qxf5 Rxf5 38. gxf5 Qc7 39. Kf2 Rh2+ 40. Ke1 Qg3+ 41. Kd1 Qg2 0-1

[Event "Wuerttemberg-ch Seniors 15th"]
[Site "Ellwangen"]
[Date "2003.04.18"]
[Round "8"]
[White "Krampe, Helmut"]
[Black "Geier, Berthold"]
[Result "1/2-1/2"]
[WhiteElo "1710"]
[BlackElo "1612"]
[PlyCount "57"]
[EventDate "2003.04.??"]
[EventType "swiss"]
[EventRounds "9"]
[EventCountry "GER"]
[SourceTitle "EXT 2006"]
[Source "ChessBase"]
[SourceDate "2005.11.24"]
[SourceVersion "1"]
[SourceVersionDate "2005.11.24"]
[SourceQuality "1"]

1. d4 d5 2. Nf3 c6 3. g3 Bf5 4. Bg2 Nf6 5. Nbd2 Nbd7 6. c4 e6 7. a3 Qa5 8. 0-0 Be7 9. Nh4 Bg4 10. Re1 0-0 11. c5 Qc7 12. Nb3 h6 13. Nf3 Bf5 14. h3 Rfe8 15. Bf4 Qc8 16. g4 Bh7 17. Nfd2 Bd8 18. Nf3 h5 19. Nbd2 Bc7 20. Bxc7 Qxc7 21. Qb3 a5 22. Qe3 e5 23. dxe5 Nxe5 24. Nxe5 Qxe5 25. Qxe5 Rxe5 26. e3 a4 27. Nf3 Ree8 28. Nd4 Rac8 29. f3 1/2-1/2

[Event "Wuerttemberg-ch Seniors 15th"]
[Site "Ellwangen"]
[Date "2003.04.16"]
[Round "6"]
[White "Geier, Berthold"]
[Black "Nowikow, Siegfried"]
[Result "1/2-1/2"]
[WhiteElo "1612"]
[BlackElo "1714"]
[PlyCount "37"]
[EventDate "2003.04.??"]
[EventType "swiss"]
[EventRounds "9"]
[EventCountry "GER"]
[SourceTitle "EXT 2006"]
[Source "ChessBase"]
[SourceDate "2005.11.24"]
[SourceVersion "1"]
[SourceVersionDate "2005.11.24"]
[SourceQuality "1"]

1. Nf3 b6 2. g3 Bb7 3. Bg2 Nf6 4. d3 d5 5. 0-0 Nbd7 6. d4 e6 7. Bg5 h6 8. Bxf6 Nxf6 9. Nbd2 c5 10. c3 Bd6 11. Qa4+ Nd7 12. Ne5 Bxe5 13. dxe5 0-0 14. f4 Qc7 15. Rac1 Bc6 16. Qc2 Rac8 17. e4 d4 18. cxd4 cxd4 19. Nb3 1/2-1/2

[Event "Wuerttemberg-ch Seniors 15th"]
[Site "Ellwangen"]
[Date "2003.04.11"]
[Round "1"]
[White "Geier, Berthold"]
[Black "Jahr, Dieter"]
[Result "1-0"]
[WhiteElo "1612"]
[BlackElo "1888"]
[PlyCount "165"]
[EventDate "2003.04.??"]
[EventType "swiss"]
[EventRounds "9"]
[EventCountry "GER"]
[SourceTitle "EXT 2006"]
[Source "ChessBase"]
[SourceDate "2005.11.24"]
[SourceVersion "1"]
[SourceVersionDate "2005.11.24"]
[SourceQuality "1"]

1. Nf3 g6 2. d4 d5 3. Nc3 Bg7 4. e3 Nf6 5. Be2 Nbd7 6. 0-0 0-0 7. Re1 c5 8. b3 cxd4 9. exd4 b6 10. Bb2 Bb7 11. Bd3 Rc8 12. Qe2 e6 13. Nb5 Ra8 14. Ba3 Ne4 15. Bxf8 Qxf8 16. a4 Qb4 17. Nc7 Rc8 18. Nb5 a6 19. Na3 Nc3 20. Qe3 Qd6 21. Nb1 b5 22. axb5 axb5 23. Nxc3 Rxc3 24. Ra5 b4 25. Qe2 Nf6 26. Qe5 Qe7 27. Qb8+ Rc8 28. Qa7 Rc7 29. Rea1 Nd7 30. Rb5 Nf8 31. Qa5 e5 32. dxe5 Bxe5 33. Nxe5 Qxe5 34. Rd1 Ne6 35. Qxb4 Bc6 36. Rb8+ Kg7 37. Re1 Qf4 38. Qxf4 Nxf4 39. Bf1 d4 40. Rb4 Ne6 41. Rc4 Kf6 42. b4 Kg7 43. b5 Bxb5 44. Rxc7 Nxc7 45. Re7 Nd5 46. Re5 Bc6 47. Re2 Kf6 48. g3 Nb4 49. Bg2 Bxg2 50. Kxg2 d3 51. cxd3 Nxd3 52. f4 Nc5 53. h3 h5 54. Kf3 Ne6 55. Ra2 g5 56. Ra6 gxf4 57. gxf4 Kg7 58. Kg3 Kf6 59. Ra5 Ng7 60. Kf3 Nf5 61. Ra6+ Kg7 62. Ke4 Ng3+ 63. Ke5 Ne2 64. Kf5 Ng1 65. Ra3 Ne2 66. Ke4 h4 67. Kf3 Nd4+ 68. Kg4 Kf6 69. Ra6+ Kg7 70. Kxh4 f6 71. Kg4 Kg6 72. Kg3 Nf5+ 73. Kf3 Kg7 74. Ra1 Nh4+ 75. Kg4 Ng2 76. Ra3 Kg6 77. f5+ Kh6 78. Ra6 Kg7 79. Ra3 Kh7 80. Rg3 Ne1 81. Kh5 Nc2 82. Rd3 Kg8 83. Kg6 1-0

[Event "Bayern-ch Seniors 13th"]
[Site "Schloss Schney"]
[Date "2001.??.??"]
[Round "9"]
[White "Gahn, Arno"]
[Black "Geier, Berthold"]
[Result "0-1"]
[WhiteElo "1613"]
[BlackElo "1606"]
[PlyCount "82"]
[EventDate "2001.06.??"]
[EventType "swiss"]
[EventRounds "9"]
[EventCountry "GER"]
[SourceTitle "EXT 2006"]
[Source "ChessBase"]
[SourceDate "2005.11.24"]
[SourceVersion "1"]
[SourceVersionDate "2005.11.24"]
[SourceQuality "1"]

1. e4 e5 2. Bc4 Nf6 3. Nc3 c6 4. Nf3 d6 5. 0-0 Be7 6. a4 a5 7. d3 Bg4 8. h3 Bh5 9. Be3 Nbd7 10. Kh1 0-0 11. Rg1 Nb6 12. g4 Nxc4 13. dxc4 Bg6 14. Nd2 Qd7 15. f3 h6 16. Qf1 Nh7 17. Rd1 f6 18. Nb3 Bf7 19. Bb6 Bd8 20. c5 Bxb6 21. cxb6 Bxb3 22. cxb3 Rfd8 23. Qc4+ Qf7 24. Kg2 Ng5 25. Qxf7+ Kxf7 26. Rd2 Ne6 27. Rgd1 Nd4 28. Ne2 c5 29. Nxd4 exd4 30. f4 Ke6 31. Kf3 Ra6 32. h4 Rxb6 33. Rd3 Rb4 34. g5 fxg5 35. hxg5 hxg5 36. Rg1 gxf4 37. Rxg7 Rh8 38. Kxf4 Rh4+ 39. Kg5 Rxe4 40. Rg6+ Kd5 41. Rf3 Rb6 0-1

[Event "Bayern-ch Seniors 13th"]
[Site "Schloss Schney"]
[Date "2001.??.??"]
[Round "1"]
[White "Geier, Berthold"]
[Black "Wittkugel, Friedhelm"]
[Result "0-1"]
[WhiteElo "1606"]
[BlackElo "1890"]
[PlyCount "124"]
[EventDate "2001.06.??"]
[EventType "swiss"]
[EventRounds "9"]
[EventCountry "GER"]
[SourceTitle "EXT 2006"]
[Source "ChessBase"]
[SourceDate "2005.11.24"]
[SourceVersion "1"]
[SourceVersionDate "2005.11.24"]
[SourceQuality "1"]

1. Nf3 d5 2. d4 Nf6 3. Nbd2 Bf5 4. g3 Nc6 5. Bg2 Nb4 6. e4 Nxe4 7. Nh4 Qd7 8. Nxf5 Qxf5 9. Nxe4 dxe4 10. 0-0 0-0-0 11. a3 Nc6 12. c3 e5 13. Qe2 exd4 14. Bxe4 Qe6 15. Qf3 Ne5 16. Qg2 c6 17. cxd4 Rxd4 18. Be3 Ra4 19. Bc2 Ra6 20. Rfe1 Qg4 21. Bd1 Qf5 22. g4 Qf6 23. Be2 Be7 24. Bxa6 Nf3+ 25. Kh1 Nxe1 26. Rxe1 bxa6 27. Bxa7 Kb7 28. Qe4 Bd6 29. Bd4 Qh6 30. Qg2 Rd8 31. Be3 Qe6 32. Rc1 Bc7 33. h3 Rd5 34. b4 Qd6 35. Qg1 Rd3 36. Bc5 Qh6 37. Qf1 Rxh3+ 38. Kg2 Rh2+ 39. Kf3 Qf4+ 40. Ke2 Qxg4+ 41. Kd3 Rh3+ 42. Be3 f5 43. Kd2 f4 44. Bd4 Rxa3 45. Qc4 Qd7 46. Qc5 Ra2+ 47. Rc2 Qd5 48. Qa7+ Kc8 49. Rxa2 Qxa2+ 50. Kd3 Qb3+ 51. Bc3 Qd5+ 52. Kc2 Qb5 53. Qa8+ Bb8 54. Kd2 h5 55. Bxg7 h4 56. Bh6 Qc4 57. Ke1 h3 58. Bxf4 Qxf4 59. Qxc6+ Kd8 60. Qd5+ Qd6 61. Qg8+ Kd7 62. Qg4+ Qe6+ 0-1

[Event "Wuerttemberg-ch Seniors 13th"]
[Site "Ellwangen"]
[Date "2001.??.??"]
[Round "1"]
[White "Mayer, Bodo"]
[Black "Geier, Berthold"]
[Result "1-0"]
[WhiteElo "1712"]
[BlackElo "1606"]
[PlyCount "147"]
[EventDate "2001.04.??"]
[EventType "swiss"]
[EventRounds "9"]
[EventCountry "GER"]
[SourceTitle "EXT 2006"]
[Source "ChessBase"]
[SourceDate "2005.11.24"]
[SourceVersion "1"]
[SourceVersionDate "2005.11.24"]
[SourceQuality "1"]

1. d4 d5 2. Nf3 Nf6 3. Bf4 Nbd7 4. e3 Ne4 5. Nbd2 Ndf6 6. Be2 c6 7. 0-0 Bg4 8. c4 e6 9. h3 Nxd2 10. Nxd2 Bf5 11. Qb3 Qd7 12. Nf3 Ne4 13. Rac1 f6 14. cxd5 exd5 15. Rfd1 Be7 16. Bd3 Be6 17. Qc2 f5 18. Ne5 Qd8 19. Qb3 Qb6 20. f3 Qxb3 21. axb3 Nf6 22. Be2 0-0 23. Nd3 h6 24. Nc5 Bxc5 25. Rxc5 g5 26. Bh2 Rf7 27. b4 a6 28. Ra1 Nd7 29. Rc3 f4 30. e4 h5 31. Kf1 g4 32. hxg4 hxg4 33. e5 g3 34. Bg1 Rh7 35. b5 cxb5 36. Bxb5 Nb6 37. Bd3 Re7 38. b3 Rc8 39. Rac1 Ree8 40. Rc5 Kf8 41. Ke1 Ke7 42. Rc7+ Kd8 43. R7c5 Rh8 44. Ke2 Kd7 45. Kd2 Na8 46. R5c3 b5 47. Ra1 Rxc3 48. Kxc3 Nc7 49. Kb4 Kc6 50. Ka5 Kb7 51. Rc1 Rc8 52. Rc2 Na8 53. Rc5 Nc7 54. Rc2 Rh8 55. Rc5 Rh1 56. Rc1 Ne8 57. Be3 Rh4 58. Bd2 Ng7 59. Bb4 Rh2 60. Bd6 Ne8 61. Bg6 Nxd6 62. exd6 Rxg2 63. Rc7+ Kb8 64. Kb6 Rh2 65. d7 Bxd7 66. Rxd7 Kc8 67. Bf5 Rh6+ 68. Kc5 Rf6 69. Rxd5+ Kc7 70. Rd7+ Kc8 71. Rf7+ Rxf5+ 72. Rxf5 Kd7 73. b4 Ke6 74. Rxf4 1-0

[Event "Bayern-ch Seniors 11th"]
[Site "Schloss Schney"]
[Date "1999.??.??"]
[Round "3"]
[White "Witzgall, Hermann"]
[Black "Geier, Berthold"]
[Result "0-1"]
[WhiteElo "1351"]
[BlackElo "1571"]
[PlyCount "68"]
[EventDate "1999.11.??"]
[EventType "swiss"]
[EventRounds "9"]
[EventCountry "GER"]
[SourceTitle "EXT 2002"]
[Source "ChessBase"]
[SourceDate "2001.11.25"]
[SourceVersion "1"]
[SourceVersionDate "2001.11.25"]
[SourceQuality "1"]

1. e4 g6 2. Nf3 Bg7 3. Bc4 e6 4. Nc3 c6 5. d3 b5 6. Bb3 a5 7. a3 Ne7 8. 0-0 0-0 9. Be3 Qc7 10. Qd2 Na6 11. Rab1 Rb8 12. Bf4 d6 13. Rfe1 e5 14. Bh6 Nc5 15. Ba2 b4 16. Ne2 Be6 17. Ra1 Bxa2 18. Rxa2 b3 19. Raa1 bxc2 20. Bxg7 Kxg7 21. Qxc2 Nb3 22. Ra2 f5 23. Nc1 a4 24. Ng5 Rf6 25. Qc4 Qa5 26. Rd1 d5 27. Qc2 Nd4 28. Qd2 Qb6 29. exf5 Rxf5 30. Re1 Rbf8 31. Qe3 c5 32. Rf1 h6 33. g4 Rxg5 34. h3 Rf3 0-1